000 00457nam a22001697a 4500
003 BD-ChCU
005 20260115123233.0
008 260115b bg ||||| |||| 00| 0 ben d
040 _cBD-ChCU
082 _a510 SUM
100 _aSumner, Graham N.
_919322
245 _aMathematics for physical geographers.//
_cGraham N. Sumner.
260 _aLondon.
_bEdward Arnold.
_c1978
300 _axv, 236p
650 0 _bMathematics,
_919323
942 _2ddc
_cBK
_n0
999 _c111090
_d111090